| Registos Bibliográficos associados ao registo de autoridade |
|
Etiqueta de registo: 00254nam 2200025 450 001 2254769 003 http://id.bnportugal.gov.pt/bib/catbnp/2254769 010 ## $a978-989-8676-49-8 021 ## $aPT$b547823/25 100 ## $a20260126d2025 m y0pory01030103ba 101 0# $apor 102 ## $aPT 105 ## $aa z 000yy 106 ## $ar 200 1# $aEduardo Pessoa Lourenço$e a biblioteca pessoana de Eduardo Lourenço$fcoord. António Pedro Pita, Rui Jacinto$gfot. Duarte Belo, Vilma Reis, José Mateus$gtextos A. E. Maia do Amaral... [et al.] 205 ## $a1ª ed 210 #9 $aGuarda$cCentro de Estudos Ibéricos ;$aLisboa$cÂncora,$d2025 215 ## $a166, [2] p.$cil.$d23 cm 675 ## $a012Pessoa, Fernando(083.82)$vBN$zpor$3302507 675 ## $a017.2Lourenço, Eduardo(042)$vBN$zpor$31992515 675 ## $a821.134.3Pessoa, Fernando.09(042)$vBN$zpor$31538045 675 ## $a821.134.3Pessoa, Fernando.09(01)$vBN$zpor$31400699 701 #1 $aAmaral,$bA. E. Maia do,$f1957-$4070$360988 702 #1 $aPita,$bAntónio Pedro,$f1956-$4340$3115684 702 #1 $aJacinto,$bRui$4340$3163667 702 #1 $aBelo,$bDuarte,$f1968-$4600$3142132 702 #1 $aReis,$bVilma$4600$31981544 702 #1 $93$aMateus,$bJosé$4600$31981546 801 #0 $aPT$bBN$gRPC 856 41 $uhttp://rnod.bnportugal.gov.pt/ImagesBN/winlibimg.aspx?skey=&doc=2254769&img=220528&save=true 900 ## $aBIBNAC$d20260331 966 ## $lBN$mFGMON$sP. 72356 V.$x1 966 ## $lBN$mFGMON$sP. 72356 V.-D$x1 971 ## $cssilva$d20260126 972 ## $e0$z0$d20260331$vlrevez 973 ## $ctrodrigues$d20260319
|
|
|